Statistiques concernant Petit Bac #57 - Communes de Guadeloupe

Cliquez ici pour prendre le quiz!

Statistiques générales

  • Ce quiz a été pris 22 fois
  • Le résultat moyen est 7 sur 11

Statistiques - réponses

1ère Lettre Commune % Correct
BBaie-Mahault / Basse-Terre / Bouillante / Baillif
100%
PPetit-Bourg / Pointe-à-Pitre / Petit-Canal / Pointe-Noire / Port-Louis
94%
LLes Abymes / Le Gosier / Le Moule / Lamentin / La Désirade
89%
SSainte-Anne / Sainte-Rose / Saint-François / Saint-Claude / Saint-Louis
78%
CCapesterre-Belle-Eau / Capesterre-de-Marie-Galante
56%
AAnse-Bertrand
50%
GGourbeyre / Goyave / Grand-Bourg
50%
MMorne-à-l'Eau
50%
DDeshaies
44%
TTrois-Rivières / Terre-de-Haut / Terre-de-Bas
44%
VVieux-Habitants / Vieux-Fort
44%

Distribution des résultats

Percentile by Number Answered

% des personnes avec chaque résultat

Votre développement - résultats

Vous n’avez pas pris ce quiz